Lakossági gyűjtőakcióval támogatták az építkezést Átadták az égési osztályt
Elmentve itt :
| Dokumentumtípus: | Cikk |
|---|---|
| Megjelent: |
2002-05-03
|
| Sorozat: | Délmagyarország
92 No. 102 |
| Kulcsszavak: | Gyermekgyógyászati Klinika |
| Online Access: | http://dmarchiv.bibl.u-szeged.hu/124564 |
| LEADER | 00481nab a2200145 i 4500 | ||
|---|---|---|---|
| 001 | delm124564 | ||
| 005 | 20191118111636.0 | ||
| 008 | 191118s2002 hu o 0|| hun d | ||
| 040 | |a SZTE Délmagyarország Archívum |b hun | ||
| 041 | |a hun | ||
| 245 | 0 | 0 | |a Lakossági gyűjtőakcióval támogatták az építkezést |h [elektronikus dokumentum] : |b Átadták az égési osztályt |
| 260 | |c 2002-05-03 | ||
| 300 | |a 1, 3 | ||
| 490 | 0 | |a Délmagyarország |v 92 No. 102 | |
| 695 | |a Gyermekgyógyászati Klinika | ||